000 01772nas a22003735i 4500
001 3091-5503
003 DE-He213
005 20260304140722.0
007 cr nn 008mamaa
008 251015s||||||||xxkuu poo|||||| b|EN |d
022 _a3091-5503
024 7 _a44554
_2local
210 1 0 _anpj Pain
245 1 0 _anpj Pain
_h[electronic resource] /
_cedited by Alexandra Willis.
264 1 _aLondon :
_bNature Publishing Group UK :
_bImprint: Nature Portfolio.
300 _bonline resource.
520 _anpj Pain considers basic science, as well as translational and clinical research in the field of pain. We are interested in the mechanisms, assessment, and treatment of pain across all populations and conditions. Topics may include but are not limited to: Pain Mechanisms: Molecular, cellular, or circuit-level processes important for pain, and their alteration in chronic pain conditions Assessment: Pain measurement in clinical and preclinical contexts, biomarkers, and impact on quality of life. Therapies: Pharmacological, psychological, and other approaches including neuromodulation Other: Epidemiology, ethics, education, and policy linked to pain .
650 0 _aMedicine.
650 0 _aPain medicine.
650 0 _aPharmacy.
650 0 _aQuality of life.
650 0 _aPalliative treatment.
650 0 _aAnesthesiology.
650 1 4 _aClinical Medicine.
650 2 4 _aPain Medicine.
650 2 4 _aPharmacy.
650 2 4 _aQuality of Life Research.
650 2 4 _aPalliative Care.
650 2 4 _aAnesthesiology.
700 1 _aWillis, Alexandra.
_eeditor.
_4edt
_4http://id.loc.gov/vocabulary/relators/edt
_921436
710 2 _aSpringerLink (Online service)
856 4 0 _uhttps://www.nature.com/npjpain
_zOpen Access
999 _c579943
_d579943